Spatial aspects of crime : theory and practice

Αποθηκεύτηκε σε:
Λεπτομέρειες βιβλιογραφικής εγγραφής
Κύριος συγγραφέας: Paulsen, Derek J.
Άλλοι συγγραφείς: Robinson, Matthew B.
Μορφή: Βιβλίο
Γλώσσα:English
Δημοσίευση: Boston, MA : Pearson A and B, c2004
Θέματα:
Ετικέτες: Προσθήκη ετικέτας
Δεν υπάρχουν, Καταχωρήστε ετικέτα πρώτοι!

MARC

LEADER 00000nam a2200000 i 4500
001 1/48541
008 070718s2004 eng d
020 |a 0-205-36109-9 
035 |l 10088944 
040 |a GR-MY-UA  |b gre  |e aacr 
041 0 |a eng 
082 0 |a 364.01  |2 (22) 
100 1 |a Paulsen, Derek J. 
245 1 0 |a Spatial aspects of crime :  |b theory and practice /  |c Derek J. Paulsen, Matthew B. Robinson 
260 |a Boston, MA :   |b Pearson A and B,   |c c2004 
300 |a xx, 363 σ.;  |b εικ.;  |c 28 εκ. 
504 |a Βιβλιογραφία: σ. 337-354 
504 |a Ευρετήριο: σ. 355-363 
650 0 0 |a Criminology. 
650 0 0 |a Crime. 
650 0 0 |a Space and time  |x Sociological aspects. 
700 1 |a Robinson, Matthew B. 
852 |a INST  |b LESVOS  |e 20070718  |h 364.01 PAU  |p 005100041416  |q 005100041416  |t BK  |y 0 
901 |a BIBL1-2007-2 
909 |a Λ  |b 135893 
922 |a 1ΕΛΗ  |b 200706  |c ΕΠΕΑΕΚ2/ΤΓ  |d ΕΛΕΥΘΕΡΟΥΔΑΚΗΣ 
970 |a ΚΑΡΑ  |b ΓΙΑΣΕΜΗ  |z 2007/07/18